LEADER 01334nam 2200385Ia 450 001 996397689303316 005 20200818213105.0 035 $a(CKB)4940000000065441 035 $a(EEBO)2240917911 035 $a(UnM)99895594e 035 $a(UnM)99895594 035 $a(EXLCZ)994940000000065441 100 $a19941119d1651 uy | 101 0 $aeng 135 $aurbn||||a|bb| 200 14$aThe saints rest: or Their happy sleep in death$b[electronic resource] $eAs it was delivered in a sermon at Aldermanbury London, Aug 24. 1651. By Edmund Calamy B.D 210 $aLondon $cprinted by A. Miller dwelling in Black-Friers$d1651 215 $a[2], 19, [1] p 300 $aA funeral sermon for Christopher Love. 300 $aA variant of the edition with "printed by A.M." in imprint. 300 $aReproduction of original in the Henry E. Huntington Library. 330 $aeebo-0113 606 $aSermons, English$y17th century 606 $aFuneral sermons$y17th century 615 0$aSermons, English 615 0$aFuneral sermons 700 $aCalamy$b Edmund$f1600-1666.$01002065 801 0$bCu-RivES 801 1$bCu-RivES 801 2$bCStRLIN 801 2$bWaOLN 906 $aBOOK 912 $a996397689303316 996 $aThe saints rest: or Their happy sleep in death$92368239 997 $aUNISA LEADER 01558nam0 22003733i 450 001 MIL0237164 005 20251003044229.0 010 $a8823001242 100 $a20130923d1993 ||||0itac50 ba 101 | $aita 102 $ait 181 1$6z01$ai $bxxxe 182 1$6z01$an 200 1 $aFondi pensione$eche fare?$fGiuliano Cazzola, Antonella Di Renzo 210 $aRoma$cEDIESSE$d\1993! 215 $a178 p.$d18 cm. 225 | $aGuide 410 0$1001REA0027518$12001 $aGuide 606 $aFondi pensione$2FIR$3CFIC061774$9E 676 $a332.67254$9INVESTIMENTO SUL MERCATO INTERNO DA PARTE DI SPECIFICI TIPI D'ISTITUTO$v21 676 $a346.4508637$9$v20 696 $aFondi pensionistici$aFondi di quiescenza 699 $aFondi pensione$yFondi pensionistici 699 $aFondi pensione$zFondi di quiescenza 700 1$aCazzola$b, Giuliano$3RAVV038436$4070$0117330 701 1$aDi Renzo$b, Antonella$3TO0V045839$4070$0759115 801 3$aIT$bIT-000000$c20130923 850 $aIT-BN0095 901 $bNAP 01$cPOZZO LIB.$nVi sono collocati fondi di economia, periodici di ingegneria e scienze, periodici di economia e statistica e altri fondi comprendenti documenti di economia pervenuti in dono. 912 $aMIL0237164 950 0$aBiblioteca Centralizzata di Ateneo$c1 v.$d 01POZZO LIB.ECON MON 8462$e 0101 0000094555E VMA 1 v. (Precedente collocazione: GUERRAZZI A 146)$fB $h20071218$i20071218 977 $a 01 996 $aFondi pensione$91534247 997 $aUNISANNIO